Länder Europas nach Buchstaben G-L - Statistiken

Allgemein
  • Dieses Quiz wurde 162 mal gespielt
  • Das Durchschnittsergebnis liegt bei 10 aus 10
Antwortstatistiken
- Land % Korrekt
G Griechenland
99%
I Irland
99%
L Lettland
99%
I Island
98%
L Luxemburg
98%
L Litauen
97%
I Italien
96%
K Kroatien
94%
L Liechtenstein
94%
K Kosovo
87%
Keine übereinstimmenden Quizze gefunden
Verteilung der Resultate
Anzahl Personen mit jedem Resultat
Perzentil nach korrekt beantworteten Fragen
Ihre Resultats-Entwicklung
Sie haben dieses Quiz noch nicht gespielt